| 000 | 01222nam a22003617a 4500 | ||
|---|---|---|---|
| 003 | CHAP | ||
| 005 | 20220329140239.0 | ||
| 008 | 971013s1969 r 00010 d | ||
| 010 | _a49184 | ||
| 011 | _a50156 | ||
| 035 | _a54306 | ||
| 040 | _cCHAP | ||
| 082 |
_a632.7 _bR5 |
||
| 100 | 0 | 0 |
_aRivero, José María del. _997797 |
| 245 | _aEjercicios, problemas y cuestiones sobre plagas y plaguicidas | ||
| 260 |
_aMadrid : _bMundi-Prensa, _c1969 |
||
| 300 |
_a709 p. _b: ilus. |
||
| 590 |
_aBATCH-UPD _b10 _c20130109 _lUCH01 _h2341 |
||
| 590 |
_aBATCH-UPD _b10 _c20130110 _lUCH01 _h0405 |
||
| 590 |
_aBATCH-UPD _b10 _c20130110 _lUCH01 _h2009 |
||
| 590 |
_aBATCH-UPD _b10 _c20130409 _lUCH01 _h1910 |
||
| 590 |
_aBATCH-UPD _b10 _c20130410 _lUCH01 _h0038 |
||
| 590 |
_aBATCH-UPD _b10 _c20130914 _lUCH01 _h1041 |
||
| 590 |
_aCONVERSION _b10 _c20130109 _lUCH01 _h1327 |
||
| 650 | 1 | 4 |
_aControl de plagas. _927595 |
| 650 | 1 | 4 |
_aEntomología económica. _937145 |
| 650 | 1 | 4 |
_aFitopatología. _941161 |
| 650 | 1 | 4 |
_aPesticidas. _987536 |
| 901 | _aBK | ||
| 942 | _cLIBRO | ||
| 949 |
_a632.7 R5 _bBC _cLIBRO _d33724000657862 _eLIBRO _fc.2 _h64568 _i54306 _si _t470.00 |
||
| 949 |
_a632.7 R5 _bBC _cLIBRO _d33724002203009 _eLIBRO _h52009 _i54306 _si _t470.00 |
||
| 999 |
_c49184 _d49184 |
||